Sandman - Portrayals by Picture - Statistics

General Stats
  • This quiz has been taken 7 times
  • The average score is 3 of 9
Answer Stats
Picture Answer % Correct
Thomas Hayden Church
80%
Dee Bradley Baker
40%
Dee Bradley Baker
40%
Dimitri Diatchenko
20%
John DiMaggio
20%
Neil Ross / Christopher Collins
20%
Richard Epcar
20%
Tom Harvey
20%
Travis Willingham
20%
No matching quizzes found
Score Distribution
Percent of People with Each Score
Percentile by Number Answered
Your Score History
You have not taken this quiz